[Event "EU-chT Railways USIC"]
[Site "Korenov"]
[Date "2017.10.12"]
[Round "5.3"]
[White "Deblauwe, Pauwel"]
[Black "Taylor, William J"]
[Result "1-0"]
[WhiteElo "1761"]
[BlackElo "2035"]
[PlyCount "81"]
[EventDate "2017.10.10"]
[EventType "team-tourn"]
[EventRounds "5"]
[EventCountry "CZE"]
[SourceTitle "CBM 181 Extra"]
[Source "ChessBase"]
[SourceDate "2017.12.12"]
[SourceVersion "1"]
[SourceVersionDate "2017.12.12"]
[SourceQuality "1"]
[WhiteTeam "Belgium"]
[BlackTeam "Great Britain"]
[WhiteTeamCountry "BEL"]
[BlackTeamCountry "GBR"]

1. e4 e5 2. Nf3 Nc6 3. Bb5 a6 4. Ba4 Nf6 5. d3 b5 6. Bb3 Bc5 7. Bg5 h6 8. Bh4 d6 9. h3 Na5 10. Nbd2 Nxb3 11. Nxb3 Bb6 12. c3 Be6 13. 0-0 g5 14. Bg3 Nh5 15. Bh2 Nf4 16. d4 Qf6 17. Nc1 g4 18. dxe5 dxe5 19. Nxe5 gxh3 20. Bxf4 hxg2 21. Ncd3 gxf1Q+ 22. Kxf1 Rd8 23. b3 Qh4 24. Qf3 Qh3+ 25. Qxh3 Bxh3+ 26. Ke2 Bd7 27. Rh1 h5 28. Bg5 Rc8 29. Nf4 c6 30. Nxh5 Rxh5 31. Rxh5 Bc5 32. Rh8+ Bf8 33. Bh6 Ke7 34. Bxf8+ Ke6 35. Nxd7 Kxd7 36. Bg7 Rc7 37. Bf6 Ra7 38. f4 a5 39. f5 a4 40. b4 Rb7 41. Ke3 1-0

[Event "EU-chT Railways USIC"]
[Site "Korenov"]
[Date "2017.10.11"]
[Round "2.3"]
[White "Walther, Hans Wolfgang"]
[Black "Deblauwe, Pauwel"]
[Result "1-0"]
[WhiteElo "2128"]
[BlackElo "1761"]
[PlyCount "39"]
[EventDate "2017.10.10"]
[EventType "team-tourn"]
[EventRounds "5"]
[EventCountry "CZE"]
[SourceTitle "CBM 181 Extra"]
[Source "ChessBase"]
[SourceDate "2017.12.12"]
[SourceVersion "1"]
[SourceVersionDate "2017.12.12"]
[SourceQuality "1"]
[WhiteTeam "Germany"]
[BlackTeam "Belgium"]
[WhiteTeamCountry "GER"]
[BlackTeamCountry "BEL"]

1. d4 d5 2. Nf3 e6 3. c4 Nf6 4. Nc3 c6 5. e3 Nbd7 6. Bd3 Bd6 7. 0-0 0-0 8. e4 dxe4 9. Nxe4 Nxe4 10. Bxe4 Nf6 11. Bc2 c5 12. Bg5 cxd4 13. Qxd4 Be7 14. Qh4 g6 15. Rfd1 Bd7 16. Rxd7 Qxd7 17. Bxf6 Bxf6 18. Qxf6 Rac8 19. Rd1 Qc6 20. Ne5 1-0

[Event "Rail 6 countries 24th"]
[Site "Bad Salzuflen"]
[Date "2013.06.28"]
[Round "2.6"]
[White "Deblauwe, Pauwel"]
[Black "Slacik, Johann"]
[Result "1-0"]
[WhiteElo "1914"]
[BlackElo "1867"]
[PlyCount "61"]
[EventDate "2013.06.28"]
[EventType "team-tourn"]
[EventRounds "5"]
[EventCountry "GER"]
[SourceTitle "EXT 2014"]
[Source "ChessBase"]
[SourceDate "2013.11.20"]
[SourceVersion "1"]
[SourceVersionDate "2013.11.20"]
[SourceQuality "1"]
[WhiteTeam "Belgium"]
[BlackTeam "Austria"]
[WhiteTeamCountry "BEL"]
[BlackTeamCountry "AUT"]

1. e4 e5 2. Nf3 d6 3. d4 exd4 4. Nxd4 Be7 5. Nc3 Nf6 6. Be2 0-0 7. 0-0 Nbd7 8. Be3 Re8 9. Qd2 Bf8 10. f3 Nb6 11. Rad1 Bd7 12. a4 Nxa4 13. Nxa4 Bxa4 14. Qb4 Bc6 15. Nxc6 bxc6 16. Qc3 Qb8 17. Qxc6 Qxb2 18. Bd4 Qb4 19. c3 Qb8 20. Rb1 Qd8 21. Rb7 Re7 22. Bd3 Nd7 23. f4 Nb6 24. Rf3 Qd7 25. Rxb6 cxb6 26. Qxa8 Qa4 27. Rf1 Qa5 28. e5 dxe5 29. Bxe5 Qa4 30. Bxh7+ Kxh7 31. Qxf8 1-0

[Event "IECG CB.2003.0.00095 email"]
[Site "IECG email"]
[Date "2003.10.08"]
[Round "?"]
[White "Deblauwe, Pauwel"]
[Black "Van Stratum, Theo"]
[Result "0-1"]
[WhiteElo "1804"]
[BlackElo "1800"]
[PlyCount "138"]
[EventDate "2003.10.08"]
[EventType "tourn (corr)"]
[EventRounds "6"]
[SourceTitle "Corr 2024"]
[Source "ChessBase"]
[SourceDate "2023.10.19"]
[SourceVersion "1"]
[SourceVersionDate "2023.10.19"]
[SourceQuality "1"]

1. c4 e5 2. Nc3 Nf6 3. g3 Bb4 4. Bg2 Bxc3 5. bxc3 0-0 6. d3 Nc6 7. e4 d6 8. Ne2 Bg4 9. 0-0 h6 10. Rb1 Rb8 11. Be3 Re8 12. f3 Be6 13. Qd2 a6 14. a4 b6 15. f4 Ng4 16. f5 Bc8 17. h3 Nxe3 18. Qxe3 Qf6 19. g4 Kh7 20. Kh2 Bd7 21. Ng3 Qh4 22. Rb2 Na5 23. Ra1 Nb7 24. d4 Na5 25. Qd3 Qf6 26. c5 dxc5 27. dxc5 Qc6 28. cxb6 cxb6 29. Qd5 Nc4 30. Re2 Kg8 31. Bf1 Qc7 32. Qd3 Red8 33. Qf3 b5 34. Qf2 Rb6 35. Rc2 Rd6 36. Be2 bxa4 37. h4 Bb5 38. g5 Qc6 39. f6 hxg5 40. hxg5 gxf6 41. Bxc4 Bxc4 42. Nf5 Qxe4 43. Nxd6 Rxd6 44. gxf6 Qh7+ 45. Kg1 Qg6+ 46. Qg2 Rxf6 47. Qxg6+ Rxg6+ 48. Kf2 Bb3 49. Re2 f6 50. Re4 Kf7 51. Rb4 Rh6 52. Rb6 Rh3 53. Rc1 Bc4 54. Kg2 Rh4 55. Kg3 Rf4 56. Ra1 Bb5 57. Ra2 Kg6 58. Rb8 Bc6 59. Ra3 Kf5 60. Rc8 Rf3+ 61. Kh2 Bd7 62. Kg2 e4 63. Rc7 Rd3 64. Kf2 Ke5 65. Ra1 f5 66. Rh1 Kd6 67. Ra7 Bb5 68. Rc1 f4 69. c4 Bc6 0-1

[Event "IECG CB.2002.0.00057 email"]
[Site "IECG email"]
[Date "2002.10.02"]
[Round "1"]
[White "Amann, Klaus"]
[Black "Deblauwe, Pauwel"]
[Result "1/2-1/2"]
[WhiteElo "1867"]
[BlackElo "1821"]
[PlyCount "141"]
[EventDate "2002.10.02"]
[EventType "tourn (corr)"]
[EventRounds "6"]
[SourceTitle "Corr 2024"]
[Source "ChessBase"]
[SourceDate "2023.10.19"]
[SourceVersion "1"]
[SourceVersionDate "2023.10.19"]
[SourceQuality "1"]

1. e4 e5 2. Nf3 Nc6 3. d4 exd4 4. Nxd4 Bc5 5. Nxc6 Qf6 6. Qd2 dxc6 7. Nc3 Be6 8. Na4 Bd6 9. Qe3 Ne7 10. Nc5 Bc8 11. Nd3 Qe6 12. Be2 0-0 13. 0-0 Re8 14. Re1 b6 15. Bd2 Ng6 16. Bf3 Bb7 17. Bc3 Ne5 18. Bxe5 Bxe5 19. Nxe5 Qxe5 20. c3 c5 21. Rad1 Re6 22. g3 Rae8 23. Bg2 Rd6 24. Qc1 Rh6 25. Qc2 Qh5 26. h3 a6 27. Qe2 Qe5 28. Rd7 Bc8 29. Rd5 Qe7 30. Red1 c6 31. R5d2 b5 32. Kh2 Be6 33. Qd3 g5 34. Qd6 Kg7 35. Qxe7 Rxe7 36. f4 gxf4 37. gxf4 a5 38. a3 Bc4 39. e5 f6 40. Rd7 Rf7 41. Rxf7+ Kxf7 42. Rd7+ Kf8 43. Rd6 Bd5 44. Bxd5 cxd5 45. Rxd5 fxe5 46. Rxc5 b4 47. cxb4 axb4 48. Rxe5 bxa3 49. bxa3 Ra6 50. Re3 Kf7 51. Kg3 Kf6 52. Kg4 Ra4 53. Rf3 Kg6 54. Kg3 Kf5 55. Rb3 h5 56. Kh4 Ra7 57. Kg3 Ra4 58. Rc3 Kf6 59. Kf2 Kf5 60. Ke3 Re4+ 61. Kd3 Rxf4 62. Kc2 h4 63. Kb3 Ke5 64. a4 Kd6 65. a5 Kd7 66. Rc4 Rf3+ 67. Kb4 Rxh3 68. a6 Rh1 69. Ka5 Ra1+ 70. Kb6 Rb1+ 71. Ka7 1/2-1/2

[Event "IECG CB.2002.0.00057 email"]
[Site "IECG email"]
[Date "2002.10.02"]
[Round "1"]
[White "Grkinic, Goran"]
[Black "Deblauwe, Pauwel"]
[Result "1-0"]
[WhiteElo "1806"]
[BlackElo "1821"]
[PlyCount "87"]
[EventDate "2002.10.02"]
[EventType "tourn (corr)"]
[EventRounds "6"]
[SourceTitle "Corr 2024"]
[Source "ChessBase"]
[SourceDate "2023.10.19"]
[SourceVersion "1"]
[SourceVersionDate "2023.10.19"]
[SourceQuality "1"]

1. e4 e5 2. Nf3 Nc6 3. Bb5 a6 4. Ba4 Nf6 5. d4 exd4 6. 0-0 Be7 7. e5 Ne4 8. Nxd4 Nc5 9. Bxc6 dxc6 10. Nc3 0-0 11. Be3 f5 12. f4 Ne6 13. Nb3 b6 14. Qf3 Bb7 15. Rad1 Qc8 16. Rd2 Rd8 17. Rxd8+ Qxd8 18. Rd1 Qf8 19. a3 Rb8 20. Qe2 c5 21. Nd5 b5 22. c4 b4 23. Na5 Ba8 24. axb4 cxb4 25. Nb3 Qf7 26. g4 Re8 27. g5 Bf8 28. h4 Rd8 29. h5 Bc6 30. Rd2 Be8 31. Nd4 Nxd4 32. Rxd4 Rd7 33. h6 a5 34. hxg7 Bxg7 35. Rd3 Qe6 36. b3 Kh8 37. Nf6 Bxf6 38. gxf6 Rxd3 39. Qxd3 Kg8 40. Qd5 Qxd5 41. cxd5 Kf7 42. Bd4 Bd7 43. Kf2 Bc8 44. Kg3 1-0

[Event "IECG CB.2002.0.00029 email"]
[Site "IECG email"]
[Date "2002.02.13"]
[Round "1"]
[White "Deblauwe, Pauwel"]
[Black "Borst, John"]
[Result "0-1"]
[WhiteElo "1900"]
[BlackElo "1912"]
[PlyCount "64"]
[EventDate "2002.02.13"]
[EventType "tourn (corr)"]
[EventRounds "6"]
[SourceTitle "Corr 2024"]
[Source "ChessBase"]
[SourceDate "2023.10.19"]
[SourceVersion "1"]
[SourceVersionDate "2023.10.19"]
[SourceQuality "1"]

1. e4 e5 2. Nf3 Nf6 3. Nxe5 d6 4. Nf3 Nxe4 5. d4 d5 6. Bd3 Nc6 7. 0-0 Be7 8. Re1 Bg4 9. c3 f5 10. Nbd2 Qd7 11. Qc2 a6 12. b4 0-0 13. Qb3 Kh8 14. Bb2 Bd6 15. a3 Bf4 16. Qc2 Rae8 17. Bc1 Qd6 18. g3 Qh6 19. gxf4 Nxd2 20. Bxd2 Bxf3 21. Bxf5 Qh5 22. Rxe8 Rxe8 23. h3 Re2 24. Qd3 Be4 25. Bxe4 dxe4 26. Qg3 Rxd2 27. Re1 Rd3 28. Re3 Qd1+ 29. Kg2 Rxe3 30. Qxe3 Qd3 31. Qxd3 exd3 32. Kf3 Ne7 0-1

[Event "IECG CB.2002.0.00029 email"]
[Site "IECG email"]
[Date "2002.02.13"]
[Round "1"]
[White "Deblauwe, Pauwel"]
[Black "Draba, Henryk"]
[Result "0-1"]
[WhiteElo "1900"]
[BlackElo "1881"]
[PlyCount "64"]
[EventDate "2002.02.13"]
[EventType "tourn (corr)"]
[EventRounds "6"]
[SourceTitle "Corr 2024"]
[Source "ChessBase"]
[SourceDate "2023.10.19"]
[SourceVersion "1"]
[SourceVersionDate "2023.10.19"]
[SourceQuality "1"]

1. e4 c5 2. Nf3 Nc6 3. d4 cxd4 4. Nxd4 Nf6 5. Nc3 d6 6. Bc4 e6 7. Be3 Be7 8. Bb3 0-0 9. Qe2 a6 10. 0-0-0 Qd7 11. Rhg1 b5 12. g4 b4 13. Na4 Qc7 14. f3 Na5 15. g5 Nd7 16. Bxe6 fxe6 17. Nxe6 Qc4 18. Qxc4 Nxc4 19. Nxf8 Kxf8 20. Bf4 Rb8 21. b3 Nce5 22. h4 Bb7 23. Rgf1 Bc6 24. Nb2 Kf7 25. Bg3 Bb5 26. Rf2 Rc8 27. f4 Ng4 28. Rfd2 Rc3 29. Nd3 Ne3 30. Re1 Nxc2 31. Rxc2 Bxd3 32. Rg1 Rxc2+ 0-1

[Event "IECG CB.2002.0.00029 email"]
[Site "IECG email"]
[Date "2002.02.13"]
[Round "1"]
[White "Fricot, Frederic"]
[Black "Deblauwe, Pauwel"]
[Result "1-0"]
[WhiteElo "1842"]
[BlackElo "1900"]
[PlyCount "125"]
[EventDate "2002.02.13"]
[EventType "tourn (corr)"]
[EventRounds "6"]
[SourceTitle "Corr 2024"]
[Source "ChessBase"]
[SourceDate "2023.10.19"]
[SourceVersion "1"]
[SourceVersionDate "2023.10.19"]
[SourceQuality "1"]

1. c4 Nf6 2. g3 c6 3. Bg2 d5 4. Nf3 e6 5. b3 Be7 6. 0-0 0-0 7. Bb2 Nbd7 8. d3 b6 9. Qc2 Bb7 10. e4 c5 11. e5 Ne8 12. Qe2 Nc7 13. Nbd2 f6 14. d4 cxd4 15. Bxd4 dxc4 16. Nxc4 Bd5 17. Rfd1 f5 18. Rac1 g5 19. Nd6 g4 20. Nd2 Bxg2 21. Kxg2 Nd5 22. f4 gxf3+ 23. Nxf3 Nc5 24. Bxc5 bxc5 25. Rxc5 Bxd6 26. exd6 Qxd6 27. Rdc1 Rae8 28. Rc6 Qe7 29. Kh1 f4 30. gxf4 Nxf4 31. Rg1+ Ng6 32. Ne5 Rf6 33. Qe4 Kg7 34. Rc3 Rd8 35. Rcg3 Kh8 36. Rxg6 hxg6 37. Nxg6+ Rxg6 38. Rxg6 Rd1+ 39. Kg2 Rd2+ 40. Kg3 Qd6+ 41. Kf3 Qd5 42. Qxd5 exd5 43. Ra6 Rxh2 44. Rxa7 Kg8 45. Ke3 Kf8 46. Kd4 Rd2+ 47. Kc3 Rh2 48. Rd7 Rxa2 49. Rxd5 Ke7 50. Kc4 Ke6 51. Rd4 Ke5 52. Rd8 Ra7 53. b4 Rc7+ 54. Kb5 Rb7+ 55. Kc5 Ke6 56. b5 Rc7+ 57. Kb6 Rc1 58. Kb7 Rb1 59. b6 Rb2 60. Kc7 Rc2+ 61. Kb8 Rb2 62. b7 Rb1 63. Rd4 1-0

[Event "IECG CB.2002.0.00029 email"]
[Site "IECG email"]
[Date "2002.02.13"]
[Round "1"]
[White "Hermans, Marcel"]
[Black "Deblauwe, Pauwel"]
[Result "1-0"]
[WhiteElo "1998"]
[BlackElo "1900"]
[PlyCount "47"]
[EventDate "2002.02.13"]
[EventType "tourn (corr)"]
[EventRounds "6"]
[SourceTitle "Corr 2024"]
[Source "ChessBase"]
[SourceDate "2023.10.19"]
[SourceVersion "1"]
[SourceVersionDate "2023.10.19"]
[SourceQuality "1"]

1. c4 Nf6 2. Nc3 c5 3. Nf3 e6 4. g3 b6 5. Bg2 Bb7 6. 0-0 Be7 7. d4 cxd4 8. Qxd4 Nc6 9. Qf4 0-0 10. e4 d6 11. Rd1 Qb8 12. b3 Ne5 13. Ba3 Rd8 14. Qe3 Nfg4 15. Qe2 a6 16. Nd4 Nf6 17. f4 Nc6 18. Nd5 exd5 19. Nxc6 Bxc6 20. exd5 Bxd5 21. Bxd5 Re8 22. Bc6 Qc7 23. Bxa8 Rxa8 24. Bb2 1-0